Synthesis and Electrochemical Testing of Polymerized Zn–Ni Bimetallic Doped ZIF-Derived Carbon as Electrode for Supercapacitors / (Record no. 615590)

000 -LEADER
fixed length control field 00524nam a22001577a 4500
082 ## - DEWEY DECIMAL CLASSIFICATION NUMBER
Classification number 621.11
Author Mark ARS
100 ## - MAIN ENTRY--PERSONAL NAME
Personal name Arshad, Nimra (401176)
245 ## - TITLE STATEMENT
Title Synthesis and Electrochemical Testing of Polymerized Zn–Ni Bimetallic Doped ZIF-Derived Carbon as Electrode for Supercapacitors /
264 ## - PRODUCTION, PUBLICATION, DISTRIBUTION, MANUFACTURE, AND COPYRIGHT NOTICE
Place of production, publication, distribution, manufacture Islamabad :
Name of producer, publisher, distributor, manufacturer USPCAS-E, NUST
Date of production, publication, distribution, manufacture, or copyright notice october, 2025
300 ## - PHYSICAL DESCRIPTION
Extent xv, 68 p.
Accompanying material +CD
520 ## - SUMMARY, ETC.
Summary, etc. TH-691
650 ## - SUBJECT ADDED ENTRY--TOPICAL TERM
Topical term or geographic name entry element MS ESE Thesis
650 ## - SUBJECT ADDED ENTRY--TOPICAL TERM
Topical term or geographic name entry element MS Thesis
700 ## - ADDED ENTRY--PERSONAL NAME
Personal name Supervisor: Dr. Ghulam Ali
942 ## - ADDED ENTRY ELEMENTS (KOHA)
Source of classification or shelving scheme
Koha item type Thesis
Holdings
Withdrawn status Permanent Location Current Location Date acquired Full call number Barcode Koha item type
  US-Pakistan Center for Advanced Studies in Energy (USPCAS-E) US-Pakistan Center for Advanced Studies in Energy (USPCAS-E) 12/17/2025 621.11 ARS CAS-ETH0000691 Thesis
© 2023 Central Library, National University of Sciences and Technology. All Rights Reserved.